An autobiography (Record no. 35328)

MARC details
000 -LEADER
fixed length control field 00589nam a2200169 a 4500
008 - FIXED-LENGTH DATA ELEMENTS--GENERAL INFORMATION
fixed length control field 120416s1958 ||||||||||||||||| || u
050 ## - LIBRARY OF CONGRESS CALL NUMBER
Classification number DS 481.N35.A3
100 ## - MAIN ENTRY--PERSONAL NAME
Personal name Nehru, Jawaharlal
245 13 - TITLE STATEMENT
Title An autobiography
246 ## - VARYING FORM OF TITLE
Title proper/short title with musings on recent events in India
260 ## - PUBLICATION, DISTRIBUTION, ETC.
Place of publication, distribution, etc. london
Name of publisher, distributor, etc. Bodley Head
Date of publication, distribution, etc. 1958
300 ## - PHYSICAL DESCRIPTION
Extent xiii, 623p.
350 ## - PRICE (NR) (BK AM CF MU VM SE) [OBSOLETE]
Price 0.00
650 #4 - SUBJECT ADDED ENTRY--TOPICAL TERM
Topical term or geographic name entry element BIOGRAPHY
650 ## - SUBJECT ADDED ENTRY--TOPICAL TERM
Topical term or geographic name entry element JAWAHARLAL NEHRU--AUTOBIOGRAPHY
995 ## - RECOMMENDATION 995 [LOCAL, UNIMARC FRANCE]
-- 0.00
-- CBU-MAIN LIBRARY (Kitwe)
-- 1
-- 0.00
-- 1
-- AVAILABLE
-- Main Library Open Access Collection
Holdings
Withdrawn status Lost status Source of classification or shelving scheme Damaged status Not for loan Home library Current library Shelving location Date acquired Total Checkouts Full call number Barcode Date last seen Price effective from Koha item type
          CBU-MAIN LIBRARY, KITWE. CBU-MAIN LIBRARY, KITWE.   11/30/2022   DS 481.N35.A3 000864 11/30/2022 11/30/2022 MONOGRAPH